000 01089nam a2200277Ia 4500
003 OSt
005 20221005110945.0
006 a|||||r|||| 00| 0
007 ta
008 221004b |||||||| |||| 00| 0 hin d
020 _a9788183618793 (hbk)
_cINR 495.00
024 _a42110
037 _bBR/7267, 16/02/2019, Rajkamal Prakashan Pvt. Ltd.
_cTextual
040 _aCRL
_cCRL
_bhin
041 _2hin
_ahin
082 _aO152,3NNAw, Q8
100 _aनन्दकिशोर नन्दन, ले.
245 0 _aपढ़ि - पढ़ि के पत्थर भया
246 _aPaढ़i - paढ़i ke patthar bhayā
260 _aनई दिल्ली
_bराधाकृष्ण प्रकाशन भारत
_c2018
300 _a183पृ0
_ccm.
650 _a हिन्दी साहित्य
650 _aहिन्दी कहानी
942 _hO152,3NNAw, Q8
_cTEXL
_2cc
999 _c1020377
_d1020377